LIBRARY ONLINE CATALOGUE

Experiencing Geometry: (Record no. 19347)

MARC details
000 -LEADER
fixed length control field 00417nam a22001457a 4500
008 - FIXED-LENGTH DATA ELEMENTS--GENERAL INFORMATION
fixed length control field 220610b |||||||| |||| 00| 0 eng d
020 ## - INTERNATIONAL STANDARD BOOK NUMBER
International Standard Book Number 0133737705
050 ## - LIBRARY OF CONGRESS CALL NUMBER
Classification number QA453
Item number .H46 1996
100 ## - MAIN ENTRY--PERSONAL NAME
Personal name Henderson, David W.
245 ## - TITLE STATEMENT
Title Experiencing Geometry:
Remainder of title on plane and sphere
Statement of responsibility, etc. david W. Henderson
260 ## - PUBLICATION, DISTRIBUTION, ETC. (IMPRINT)
Place of publication, distribution, etc. Upper Saddle River
Name of publisher, distributor, etc. Prentice Hall
Date of publication, distribution, etc. 1996
300 ## - PHYSICAL DESCRIPTION
Extent xxiv, 193p.
650 ## - SUBJECT ADDED ENTRY--TOPICAL TERM
Topical term or geographic name as entry element Geometry
942 ## - ADDED ENTRY ELEMENTS (KOHA)
Source of classification or shelving scheme Library of Congress Classification
Koha item type General Collection
Holdings
Withdrawn status Lost status Source of classification or shelving scheme Not for loan Home library Current library Date acquired Total Checkouts Full call number Barcode Date last seen Price effective from Koha item type
    Library of Congress Classification   Kabarak, Main Campus Kabarak, Main Campus 10/06/2022   QA453 .H46 1996 c.1 031001 10/06/2022 10/06/2022 General Collection